00763cam a2200217 a 45000010008000000030006000080050017000140080041000310100017000720200031000890400018001200500022001380820017001601000054001772450108002312600045003393000056003844400035004405040053004756500017005283262724GBCCL20241126110429.0830126s1981 ctufa b 001 0 eng  a 81081096  a0879832606 (pbk.) :c$9.95 aDLCcDLCdDLC00aBT1101b.S67 198100a239219bSMI1 aSmith, Wilbur M.q(Wilbur Moorehead),d1894-1976.10aTherefore, stand /cWilbur M. Smith ; introduction by Harold J. Ockenga ; illustrations by Ron McCarty. aNew Canaan, Conn. :bKeats Pub.,cc1981. axxxii, 614 p., [1] leaf of plates :bill. ;c21 cm. 2aA Shepherd illustrated classic aIncludes bibliographical references and indexes. 0aApologetics.